Statistics for Country by Flags Descriptions #2

Click here to take the quiz!

General Stats

  • This quiz has been taken 30 times
  • The average score is 5 of 6

Answer Stats

Flag DescriptionCountry% Correct
three horizontal stripes, red white red, inside the white stripe is a red maple leafCanada
100%
Top half blue, bottom half yellowUkraine
100%
Union jack in top left corner, white southern cross constellationAustralia
96%
White background, thin blue strip towards the top, thing blue stripe towards the bottom, Star of David in the middleIsrael
89%
Green background, white shahada and white swordSaudi Arabia
81%
Blue square in top left corner, white star in side the square, white stripe on top, red stripe on bottomChile
59%

Score Distribution

Percentile by Number Answered

Percent of People with Each Score

Your Score History

You have not taken this quiz